Stone vessels in the Near East during the Iron Age and the Persian period (c.1200-330 BCE) /

Saved in:

Main Author: Squitieri, Andrea (Author)

Format: Book

Language: English

Published: Oxford : Archaeopress Publishing Ltd, [2017].

Series: Archaeopress ancient Near Eastern Archaeology ; 2.

Subjects:

Tags: Add Tag

No Tags, Be the first to tag this record!

Call Number: DS56 .S68 2017

LEADER 00947namaa2200265 4500
003 OSt
005 20260311122313.0
008 130303t20172017enkab b 000 0 eng d
020 |a 9781784915520 
040 |c ARCE Library 
043 |a aw----- 
050 4 |a DS56 .S68 2017 
100 1 |a Squitieri, Andrea,  |e author  |9 40397 
245 1 0 |a Stone vessels in the Near East during the Iron Age and the Persian period (c.1200-330 BCE) /  |c Andrea Squitieri. 
264 1 |a Oxford :  |b Archaeopress Publishing Ltd,  |c [2017]. 
264 4 |c ©2017. 
300 |a iv, 284 pages :  |b illustrations (some color), maps (some color) ;  |c 29 cm. 
490 0 |a Archaeopress ancient Near Eastern Archaeology ;  |v 2. 
504 |a Includes bibliographical references. 
650 0 |a Stone Implements  |z Middle East. 
651 0 |a Middle East  |x Antiquities. 
830 0 |a Archaeopress ancient Near Eastern Archaeology ;  |v 2. 
901 |a reviewed 
942 |c BK  |2 lcc 
999 |c 2619  |d 2619